| 000 | 00848cam a22003134a 4500 | ||
|---|---|---|---|
| 001 | 11996352 | ||
| 005 | 20260413135257.0 | ||
| 008 | 000504s2001 moua b 001 0 eng | ||
| 010 | _a 00033917 | ||
| 020 | _a0323008313 | ||
| 020 | _a9780323008310 | ||
| 035 | _a11996352 | ||
| 035 | _a(DNLM)100954791 | ||
| 040 |
_aDNLM/DLC _cDLC _dDLC |
||
| 042 | _apcc | ||
| 050 | 0 | 0 |
_aRJ45 _b.P75 2001 |
| 082 | 0 | 0 |
_a618.92 _221 |
| 245 | 0 | 0 | _aPrimary pediatric care / |
| 250 | _a4th ed. | ||
| 260 |
_aSt. Louis : _bMosby, _cc2001. |
||
| 300 |
_axxxvii, 2199 p. : _bill. ; _c29 cm. |
||
| 504 | _aIncludes bibliographical references and index. | ||
| 650 | 0 | _aPediatrics. | |
| 650 | 1 | 2 | _aPediatrics. |
| 650 | 2 | 2 | _aPrimary Health Care. |
| 700 | 1 | _aHoekelman, Robert A. | |
| 906 |
_a7 _bcbc _corignew _d1 _eocip _f20 _gy-gencatlg |
||
| 942 |
_2lcc _cBK |
||
| 999 |
_c60345 _d60345 |
||